Statistics for Animals beginning with the letter F

Click here to take the quiz!

General Stats

  • This quiz has been taken 90 times
  • The average score is 9 of 13

Answer Stats

ClueAnimal% Correct
Nemo and Dory are oneFish
88%
Kiss it to get your princeFrog
88%
Bird that sleeps on one legFlamingo
85%
Baby deerFawn
80%
Animal with a simiar body to a weaselFerret
80%
Parent of a maggotFly
80%
"What the ___ say?"Fox
80%
The offspring of a horseFoal
78%
Flat kind of the above animalFlounder
61%
The fastest creature on the planetFalcon
59%
Rodent that can glideFlying Squirrel
58%
A species of the above animal that lives in the sahara desertFennec Fox
39%
Madagascar's largest mammalian predatorFossa
31%

Score Distribution

Percentile by Number Answered

Percent of People with Each Score

Your Score History

You have not taken this quiz